000
00317nam a22001457a 4500
020
_a
978-81-291-1995-7
082
_a
001
_b
BRI/S
100
_a
BRIEN, TERRY O
245
_a
THE STUDENTS COMPANION
260
_a
DELHI
_b
RUPA PUBLICATIONS
300
_a
266
520
_a
QUIZ
650
_a
QUIZ
_z
NEW DELHI
942
_c
BK
999
_c
6087
_d
6087